| 000 | 00703nam a22002052 4500 | ||
|---|---|---|---|
| 001 | 0000011924 | ||
| 005 | 20151217155848.0 | ||
| 008 | 090121s xx 000 0 eng d | ||
| 040 |
_aKABU _cKABU |
||
| 100 | 1 |
_aJohnston, Harry, Sir. _@0000149421 |
|
| 245 | 1 | 0 |
_aBritain across the seas : _bAfrica, a history and description of the British Empire in Africa / _cSir Harry Johnston. |
| 250 | _a1st ed. | ||
| 260 |
_aLondon : _bNational Society's Depository, _c[?] |
||
| 300 | _axix, 429 p. | ||
| 650 | 0 |
_aBritish _zAfrica. _@0000167988 |
|
| 651 | 0 |
_aGreat Britain _xColonies _zAfrica. _@0000161311 |
|
| 852 | 1 | _9p500 KES | |
| 908 | _a090121 | ||
| 950 | _@1 | ||
| 999 |
_c13415 _d13415 |
||